The Last of Us Characters by the Picture - Statistics

General Stats
  • This quiz has been taken 61 times
  • The average score is 15 of 19
Answer Stats
Picture Answer % Correct
joel miller
96%
ellie williams
89%
bill
85%
tommy miller
85%
dina
83%
sarah miller
83%
tess
83%
marlene
77%
owen
77%
jesse
74%
sam
74%
abby anderson
72%
lev
72%
maria
72%
david
70%
henry
66%
mel
66%
manny
64%
yara
64%
No matching quizzes found
Score Distribution
Percent of People with Each Score
Percentile by Number Answered
Your Score History
You have not taken this quiz